000 00396nam a2200121 a 4500
001 000042867
005 20201002040446.0
008 140211s1983 000 spa d
040 _aDO-SdBNP
_bspa
_cBNPHU
245 0 _aPlan de desarrollo integral de la subregión del cibao occidental.
260 _aSanto Domingo, :
_bSecretariado Técnico de la Presidencia,
_c1983.
300 _a271 p. : ;
_c27 cm.
999 _c42356
_d42356